| 000 | 00712nam a22002537a 4500 | ||
|---|---|---|---|
| 003 | UA-OsUOA | ||
| 001 | 27340 | ||
| 007 | ta | ||
| 008 | 20040624b un ||||| |||| 00| 0 ukr d | ||
| 100 | _aКривицький А.Ф. | ||
| 090 |
_a711.4(477.81) _bК82 |
||
| 942 | _cBK | ||
| 040 |
_aUA-OsUOA _bukr _cUA-OsUOA _dUA-OsUOA |
||
| 245 |
_aФормування і розвиток територіально-виробничого комплексу міста _bМонографія |
||
| 300 | _a128 с. | ||
| 955 | _a0 | ||
| 041 | _aukr | ||
| 080 | _a711.4(477.81) | ||
| 020 | _a966-517-012-0 | ||
| 260 |
_aЛуцьк _bНадстир'я _c1997 |
||
| 044 | _aUA | ||
| 650 | 7 | _2UDC | |
| 999 |
_c313684 _d313684 |
||